00743nam a22001697a 4500999001700000100003100017245005600048260002700104300000900131650004500140700003800185856003300223942001100256952010200267952010200369952010200471 c67432d67429 aAaksh Ali Sahitoa17MSIT01 aSarcasm Detection of Political News on Social Media aNawabshahbQuestc2021 a21p. aMaster of Science in Information Science aDepartment of Information Science uhttps://tinyurl.com/f5ynm78j cTHESIS 00104070aRESEARCHbRESEARCHd2022-01-13l0pMP/70-921r2022-01-13 00:00:00w2022-01-13yTHESIS 00104070aRESEARCHbRESEARCHd2022-01-13l0pMP/70-922r2022-01-13 00:00:00w2022-01-13yTHESIS 00104070aRESEARCHbRESEARCHd2022-01-13l0pMP/70-923r2022-01-13 00:00:00w2022-01-13yTHESIS